| Поле | Инд. | ПП | Название | Значение |
|---|---|---|---|---|
| Тип записи | a | |||
| Библиографический уровень | b | |||
| 001 | Контрольный номер | b65783a8742a4e448c5e3196d9ffde93 | ||
| 005 | Дата корректировки | 20230113101649.5 | ||
| 040 | a | Служба первич. каталог. | Scopus | |
| 041 | 0_ | a | Код языка текста | eng |
| 097 | a | Костяева О.Г. | ||
| 100 | 1_ | a | Автор | Abusleme A. |
| 100 | 1_ | a | Автор | Adam T. |
| 100 | 1_ | a | Автор | Ahmad S. |
| 100 | 1_ | a | Автор | Aiello S. |
| 100 | 1_ | a | Автор | Nemchenok I. |
| i | 000090997 | |||
| k | Ректорат | |||
| q | Полное имя | Немченок Игорь Борисович | ||
| u | Дополнение | Немченок И. Б. | ||
| c | Титул (звания) | доцент (ученое звание); кандидат химических наук; доцент (должность); ученый секретарь; заведующий кафедрой; | ||
| g | Прочие сведения | РИНЦ AuthorID: 44551 (https://elibrary.ru/author_items.asp?authorid=44551); Scopus Author ID: 8401877000 (https://www.scopus.com/authid/detail.uri?authorId=8401877000); ResearcherID: F-9715-2014 (http://www.researcherid.com/rid/F-9715-2014) | ||
| 245 | 10 | a | Заглавие | Feasibility and physics potential of detecting 8B solar neutrinos at JUNO |
| 773 | 18 | t | Название источника | Proceedings of Science |
| b | Сведения об издании | Sissa Medialab Srl | ||
| c | Italy | |||
| x | ISSN | 1824-8039 | ||
| g | Прочая информация | V. 395. - P. 1229 | ||
| d | Место и дата издания | 2022 | ||
| m | Специф. данные | входит в Scopus; сборник трудов конференции | ||
| o | Прочие индексы | scopus 0.11 | ||
| w | Контрольный № источника | 427c302de3ec48df950d4e82f8826b43 | ||
| 901 | t | Тип документа | b | |
| 952 | c | Вид литературы | материалы конференции |